Personnages de jeux vidéo - Quiz - Statistiques

Statistiques générales
  • Ce quiz a été pris 7 929 fois
  • Le résultat moyen est 9 sur 18
Statistiques - réponses
Personnages Séries % Correct
Bowser Super Mario
99%
Link Legend of Zelda
98%
Lara Croft Tomb Raider
91%
Solid Snake Metal Gear
69%
Samus Metroid
63%
Sub Zero Mortal Kombat
63%
Master Chief Halo
60%
Altaïr Assassin's Creed
56%
Chris Redfield Resident Evil
47%
GLaDOS Portal
44%
Zangief Street Fighter
41%
Falco Star Fox
37%
Simon Belmont Castlevania
36%
John Marston Red Dead Redemption
36%
Heihachi Mishima Tekken
28%
Dr. Wily Mega Man
25%
Blinky Pac-Man
17%
Chop Chop Master Onion PaRappa the Rapper
5%
Aucun quiz correspondant
Distribution des résultats
% des personnes avec chaque résultat
Percentile par nombre de réponses
Votre historique - résultats
Vous n’avez pas pris ce quiz